Các bài tập lập trình Visual Basic .Net

Guardado en:
Detalles Bibliográficos
Autor principal: Nguyễn, Văn Hoài
Formato: Libro
Lenguaje:Undetermined
Publicado: Hà Nội Thống kê 2005
Materias:
Etiquetas: Agregar Etiqueta
Sin Etiquetas, Sea el primero en etiquetar este registro!
Thư viện lưu trữ: Trung tâm Học liệu Trường Đại học Cần Thơ
LEADER 00634nam a2200193Ia 4500
001 CTU_103339
008 210402s9999 xx 000 0 und d
020 |c 59000 
082 |a 005.133 
082 |b H404/T.1 
100 |a Nguyễn, Văn Hoài 
245 0 |a Các bài tập lập trình Visual Basic .Net 
245 0 |c Nguyễn Văn Hoài, Nguyễn Đạt Phúc 
260 |a Hà Nội 
260 |b Thống kê 
260 |c 2005 
650 |a Programming languages (Electronic computers),Visual Basic (Computer programs) 
910 |a Vương 
980 |a Trung tâm Học liệu Trường Đại học Cần Thơ